Grille de mots mini #16 - Statistiques

Statistiques générales
  • Ce quiz a été pris 82 fois
  • Le résultat moyen est 23 sur 25
Statistiques - réponses
Place de la lettre Réponses % Correct
1 D B
97%
1 C G
97%
1 A R
97%
5 A T
97%
1 B U
97%
1 E Y
97%
2 A E
96%
5 C T
96%
5 B E
95%
4 A I
95%
3 A F
94%
4 C E
92%
5 E E
92%
2 C I
92%
3 C L
92%
2 D R
92%
2 E E
91%
3 B I
91%
4 B L
91%
3 D O
91%
2 B T
91%
5 D T
91%
4 E S
90%
3 E U
90%
4 D U
88%
Aucun quiz correspondant
Distribution des résultats
% des personnes avec chaque résultat
Percentile par nombre de réponses
Votre historique - résultats
Vous n’avez pas pris ce quiz